000 01084nam a22003377a 4500
001 BR7906894
003 BR-BrBNA
005 20230928090228.0
007 ta
008 230509b bl.||||| |||| 00| 0 por d
040 _aBR-BrBNA
_bpor
_cBiblioteca Nacional de Agricultura
041 _a(Por)
072 _aF25; E15; E70
_b3801
_b/G514
090 _ 3801 BR7906894
110 1 _aAssociacao Nacional para Difusao de Adubos, Brasilia, DF (Brasil)
_9682
245 1 _aProposicao de uma linha de credito para aquisicao de fertilizantes basicos e materias primas de producao nacional [custo de producao, estatistica de producao, importacao, preco, Brasil]
260 3 _aBrasilia, DF (Brasil):
_c1979.
300 _a36 p.
500 _a25 tables; 12 ref.
650 _aFERTILIZANTE
650 _aMICROECONOMIA
650 _aCOMERCIALIZACAO
650 _aCREDITO
650 _aCUSTO DE PRODUCAO
650 _aESTATISTICA DE PRODUCAO
650 _aPOLITICA ECONOMICA
650 _aIMPORTACAO
650 _aPRECO
909 _a202309
_bLucia
_c55
_dLucia Elande
942 _cBK
999 _c28108
_d28108